| 000 | 00884nam a22002177a 4500 | ||
|---|---|---|---|
| 003 | OSt | ||
| 005 | 20171127171739.0 | ||
| 008 | 171127t2017 xxu|||||||||| 0|0 | spa|d | ||
| 020 | _a9781544822792 | ||
| 040 |
_aES-BaUIC _bcat _cCDMR |
||
| 100 | 1 |
_aNafría, Ismael _93255 _d1968- |
|
| 245 | 1 | 3 |
_aLa reinvención de The New York Times _c/ Ismael Nafría |
| 260 |
_a[Lloc de publicació no identificat] : _bCreateSpace, An Amazon.com _c2017 |
||
| 300 |
_aX, 467 pàgines : _bil·lustracions; _c25 cm |
||
| 500 | _a"Este libro ha sido posible gracias al apoyo del Centro Knight para el Periodismo en las Américas de la Universidad de Texas en Austin" | ||
| 500 | _aDedicatòria de l'autor | ||
| 610 | 2 | 4 |
_aNew York Times (Diari) _c(Diari) _94099 |
| 650 | 0 | 7 |
_aPremsa _zEstats Units d'Amèrica _2lemac _9257 |
| 650 | 7 |
_aDiaris nord-americans _xInnovacions tecnològiques _2lemac |
|
| 942 | _cMON | ||
| 999 |
_c7090 _d7090 |
||